Intermediate Chemistry Inorganic and Physical / (Record no. 183616)
[ view plain ]
| 000 -LEADER | |
|---|---|
| fixed length control field | 00531 a2200169 4500 |
| 003 - CONTROL NUMBER IDENTIFIER | |
| control field | NUST |
| 005 - DATE AND TIME OF LATEST TRANSACTION | |
| control field | 20230713125022.0 |
| 040 ## - CATALOGING SOURCE | |
| Transcribing agency | Nust |
| 082 ## - DEWEY DECIMAL CLASSIFICATION NUMBER | |
| Classification number | 546,PRE |
| 100 ## - MAIN ENTRY--PERSONAL NAME | |
| Personal name | Prescott, Frederick |
| 9 (RLIN) | 40090 |
| 245 ## - TITLE STATEMENT | |
| Title | Intermediate Chemistry Inorganic and Physical / |
| Statement of responsibility, etc. | Frederick Prescott |
| 260 ## - PUBLICATION, DISTRIBUTION, ETC. | |
| Place of publication, distribution, etc. | London |
| Name of publisher, distributor, etc. | University |
| Date of publication, distribution, etc. | 1939 |
| 300 ## - PHYSICAL DESCRIPTION | |
| Extent | 828:p. |
| 505 ## - FORMATTED CONTENTS NOTE | |
| Formatted contents note | Part-1: Chemical Theory (Page-1), Part-2: Descriptive inorganic chemistry (Page-265). |
| 650 ## - SUBJECT ADDED ENTRY--TOPICAL TERM | |
| Topical term or geographic name entry element | Chemistry Inorganic and Physical |
| 9 (RLIN) | 113599 |
| 942 ## - ADDED ENTRY ELEMENTS (KOHA) | |
| Source of classification or shelving scheme | |
| Koha item type | Book |
| Call number prefix | 546,PRE |
| Withdrawn status | Lost status | Source of classification or shelving scheme | Damaged status | Not for loan | Permanent Location | Current Location | Shelving location | Date acquired | Full call number | Barcode | Date last seen | Price effective from | Koha item type | Public note |
|---|---|---|---|---|---|---|---|---|---|---|---|---|---|---|
| Military College of Signals (MCS) | Military College of Signals (MCS) | General Stacks | 12/12/2016 | 546,PRE | MCS7036 | 12/08/2016 | 12/12/2016 | Book | Almirah No.77, Shelf No.4 | |||||
| Military College of Signals (MCS) | Military College of Signals (MCS) | General Stacks | 07/13/2023 | 546,PRE | MCS6496 | 07/13/2023 | 07/13/2023 | Book | Almirah No.77, Shelf No.4 |
